| 000 | 01041cap a22002535a 4500 | ||
|---|---|---|---|
| 001 | L140753 | ||
| 008 | 071009e20071006xxk f 000 0 eng d | ||
| 035 | _a(Sirsi) u140753 | ||
| 041 | 0 | _aeng | |
| 100 | 1 | _aDale, Steven | |
| 245 | 0 | 0 | _aGently does it |
| 260 | _c2007 | ||
| 490 | 0 |
_aEstates Gazette _v(0740) 6 October 2007, 264-265(2) |
|
| 520 | _aExplains how the procedure for seizure of goods for rent arrears in the commercial sector will become more conciliatory due to the Tribunals, Courts and Enforcement Act 2007. Provides an overview of the method of commercial rent arrears recovery and how it differs from the law of distress. | ||
| 590 | _aka | ||
| 650 | 2 | 4 | _aTRIBUNALS, COURTS AND ENFORCEMENT ACT 2007 |
| 650 | 2 | 4 | _aCOMMERCIAL RENT ARREARS RECOVERY |
| 651 | 4 |
_aUnited Kingdom _y |
|
| 690 | _aPROPERTY-LANDLORD AND TENANT-TENANCIES-DISTRESS FOR RENT | ||
| 690 | _aPROPERTY-COMMERCIAL PROPERTY-COMMERCIAL LANDLORD AND TENANT-BUSINESS TENANCIES | ||
| 700 | 1 | _aRivers, Alison | |
| 700 | 1 | _aAllen, Sarah | |
| 942 | _n0 | ||
| 999 |
_c79338 _d79338 |
||